South Eastern Kenya University

Library Online Public Access Catalogue


Judith Duchesne : (Record no. 10221)

MARC details
000 -LEADER
fixed length control field 00546pam a2200193 i 4500
001 - CONTROL NUMBER
control field 1336594
003 - CONTROL NUMBER IDENTIFIER
control field OSt
005 - DATE AND TIME OF LATEST TRANSACTION
control field 20160203082404.0
008 - FIXED-LENGTH DATA ELEMENTS--GENERAL INFORMATION
fixed length control field 790405s1979 nyu 000 1 eng
010 ## - LIBRARY OF CONGRESS CONTROL NUMBER
LC control number 79014294
020 ## - INTERNATIONAL STANDARD BOOK NUMBER
International Standard Book Number 0517539055
040 ## - CATALOGING SOURCE
Original cataloging agency SEKU
050 00 - LIBRARY OF CONGRESS CALL NUMBER
Classification number PZ 4 .S24
Item number Ju 1979
100 1# - MAIN ENTRY--PERSONAL NAME
Personal name Sargent, Lynda.
245 10 - TITLE STATEMENT
Title Judith Duchesne :
Remainder of title a novel /
Statement of responsibility, etc. by Lynda Sargent ; prepared for publication by Richard Sargent French.
260 ## - PUBLICATION, DISTRIBUTION, ETC. (IMPRINT)
Place of publication, distribution, etc. New York :
Name of publisher, distributor, etc. Crown Publishers,
Date of publication, distribution, etc. c1979.
300 ## - PHYSICAL DESCRIPTION
Extent 177 p. ;
Dimensions 24 cm.
942 ## - ADDED ENTRY ELEMENTS (KOHA)
Source of classification or shelving scheme Library of Congress Classification
Koha item type General circulation
Holdings
Withdrawn status Lost status Source of classification or shelving scheme Damaged status Not for loan Home library Current library Shelving location Date acquired Source of acquisition Total Checkouts Full call number Barcode Date last seen Price effective from Koha item type
    Library of Congress Classification     Wote Campus Library Wote Campus Library General Stacks 03/02/2016 Donation-books For Africa   PZ 4 .S24 Ju 1979 2016/013650 03/02/2016 03/02/2016 General circulation
Kitui, Kenya.
+254736116989
library@seku.ac.ke